000 00407nam a2200169Ia 4500
001 1318
003 IN-NITTTR
005 20251114232912.0
008 251113s9999||||xx |||||||||||||| ||eng||
040 _beng
040 _cIN-NITTTR
041 _aeng
082 _a380.5 H323I
100 _aHay, William W.
245 3 _aAn introduction to transportation engineering. /
_cHay, William W.
942 _2ddc
_cBK
999 _c1572
_d1572